[Event "29th Avoine Open 2014"]
[Site "Avoine FRA"]
[Date "2014.07.21"]
[Round "3.11"]
[White "Shirazi, Kamran"]
[Black "Naudion, Gregoire"]
[Result "0-1"]
[WhiteTitle "IM"]
[WhiteElo "2363"]
[BlackElo "2167"]
[WhiteFideId "2000733"]
[BlackFideId "663530"]
[EventDate "2014.07.19"]

1. d4 Nf6 2. c4 g6 3. Nc3 Bg7 4. e4 d6 5. f4 c5 6. dxc5 Qa5 7. Bd3 Qxc5 8. Nf3
Nc6 9. h3 O-O 10. Qe2 Nh5 11. Qf2 Nb4 12. Bf1 Qa5 13. g4 Nf6 14. Qd2 b5 15. Bg2
bxc4 16. O-O Rb8 17. Ne1 Nd7 18. a3 Na6 19. Qf2 Nac5 20. Nd5 Nb3 21. Nxe7+ Kh8
22. Nc6 Qb6 23. Be3 Qxc6 24. Rd1 Qc7 25. Bxa7 f5 26. exf5 gxf5 27. gxf5 Ndc5 28.
Bxb8 Qxb8 29. Bd5 Bxf5 30. Bxc4 Ne4 31. Qe3 Nbc5 32. b4 Na4 33. Nf3 Nac3 34. Nh4
Nxd1 35. Rxd1 Nc3 36. Rd4 Qb6 37. Nf3 d5 38. Bf1 Be4 39. Rd3 d4 40. Qd2 Qg6+ 41.
Kh2 Bh6 42. Nh4 Qf6 43. Ng2 Bxd3 44. Qxd3 Bxf4+ 45. Kg1 Be5 0-1

[Event "29th Avoine Open 2014"]
[Site "Avoine FRA"]
[Date "2014.07.21"]
[Round "3.12"]
[White "Marie, Maxime"]
[Black "Doluhanova, Evgeniya"]
[Result "0-1"]
[WhiteTitle "CM"]
[BlackTitle "WGM"]
[WhiteElo "2211"]
[BlackElo "2334"]
[WhiteFideId "625590"]
[BlackFideId "14112035"]
[EventDate "2014.07.19"]

1. c4 Nf6 2. g3 e6 3. Bg2 d5 4. Nf3 d4 5. Qa4+ Bd7 6. Qb3 Nc6 7. O-O Be7 8. e3
e5 9. exd4 e4 10. d5 Na5 11. Qc3 exf3 12. Bxf3 c5 13. b3 O-O 14. Bb2 b5 15. d4
Bh3 16. dxc5 Bxc5 17. cxb5 Bxf1 18. Qxc5 Rc8 19. Qd4 Bxb5 20. Nc3 Bd7 21. Qxa7
Re8 22. Qd4 Bf5 23. g4 Nxg4 24. Bxg4 Qg5 25. h3 h5 26. Nb5 Rcd8 27. b4 Bxg4 28.
hxg4 Rxd5 29. Qxd5 Qxd5 30. Nc7 Qd2 0-1

[Event "29th Avoine Open 2014"]
[Site "Avoine FRA"]
[Date "2014.07.21"]
[Round "3.13"]
[White "Song, Julien"]
[Black "Marimoutou, Loic"]
[Result "1-0"]
[WhiteTitle "IM"]
[WhiteElo "2417"]
[BlackElo "2081"]
[WhiteFideId "659487"]
[BlackFideId "26041510"]
[EventDate "2014.07.19"]

1. d4 d5 2. Nf3 Nf6 3. c4 e6 4. g3 Be7 5. Bg2 O-O 6. O-O Nbd7 7. Nc3 c6 8. Qd3
dxc4 9. Qxc4 Bd6 10. Bf4 Bxf4 11. gxf4 Nd5 12. e3 Qe7 13. Rfc1 f6 14. a3 a5 15.
b4 axb4 16. Nxd5 exd5 17. Qxb4 Qd8 18. a4 Qa5 19. Qxa5 Rxa5 20. Rcb1 Nb8 21. Nd2
Ra7 22. a5 Bf5 23. Rc1 Na6 24. Bf1 Rfa8 25. Nb3 Kf7 26. Ra4 Ke7 27. f3 h6 28.
Kf2 g5 29. Bxa6 Rxa6 30. Rb4 R8a7 31. fxg5 hxg5 32. Kg3 Bc8 33. h4 gxh4+ 34.
Kxh4 Rxa5 35. Nxa5 Rxa5 36. Kg3 Kd6 37. Rh1 b5 38. Rh6 Ke6 39. Kf4 Ba6 40. Rh8
Ra1 41. Ra8 Ra2 42. Rb1 Ra4 43. Rc1 Rc4 44. Ra1 1-0

[Event "29th Avoine Open 2014"]
[Site "Avoine FRA"]
[Date "2014.07.21"]
[Round "3.14"]
[White "Haub, Thorsten Michael"]
[Black "Caille, Vincent"]
[Result "1-0"]
[WhiteTitle "IM"]
[WhiteElo "2429"]
[BlackElo "2113"]
[WhiteFideId "4610776"]
[BlackFideId "20681356"]
[EventDate "2014.07.19"]

1. g3 e5 2. Bg2 Nc6 3. a3 g6 4. b4 Bg7 5. Bb2 d6 6. Nf3 f5 7. d3 Nf6 8. Nbd2 O-O
9. e4 h6 10. O-O f4 11. b5 Ne7 12. d4 exd4 13. Nxd4 Nh7 14. gxf4 Rxf4 15. Ne2
Bxb2 16. Nxf4 Be5 17. Nd3 Bxa1 18. Qxa1 Be6 19. e5 Qd7 20. exd6 cxd6 21. Re1 Rf8
22. Qd4 Ng5 23. f4 Nh3+ 24. Kh1 Nf5 25. Qe4 Ng7 26. Qxg6 Nxf4 27. Nxf4 Rxf4 28.
Ne4 Qd8 29. Qxh6 Qh4 30. Qxh4 Rxh4 31. Nxd6 b6 32. Ne4 Bc4 33. a4 Nf5 34. Kg1
Nd4 35. Nd6 Ba2 36. c4 Rh6 37. Bd5+ Kg7 38. Re7+ Kf6 39. Rxa7 Ne2+ 40. Kf2 Rxh2+
41. Ke3 Ke5 42. Ne4 Bb1 43. Re7+ Kf5 44. Nd2 Nc3 45. Nxb1 Nxb1 46. a5 Rh3+ 47.
Kd4 Nd2 48. Be6+ Kf6 49. Bxh3 Kxe7 50. a6 1-0

[Event "29th Avoine Open 2014"]
[Site "Avoine FRA"]
[Date "2014.07.21"]
[Round "3.15"]
[White "Micottis, Dorian"]
[Black "Manea, Alexandru"]
[Result "1/2-1/2"]
[BlackTitle "IM"]
[WhiteElo "2108"]
[BlackElo "2373"]
[WhiteFideId "26021986"]
[BlackFideId "1207660"]
[EventDate "2014.07.19"]

1. e4 e6 2. d3 d5 3. Nd2 c5 4. Ngf3 Nf6 5. g3 Nc6 6. Bg2 Be7 7. O-O b5 8. Re1 a5
9. c3 Bb7 10. e5 Nd7 11. Nf1 a4 12. h4 h6 13. h5 Nb6 14. N1h2 b4 15. a3 Ba6 16.
Bf4 bxc3 17. bxc3 Na5 18. Ra2 Nb3 19. Qc2 c4 20. d4 Nc8 21. Nd2 Na7 22. Nb1 Nb5
23. Bc1 Qa5 24. Rd1 Bc8 25. Kh1 Bd7 26. f4 O-O-O 27. Ng4 Rdg8 28. f5 Bg5 29. Bf4
Qd8 30. Qf2 Rf8 1/2-1/2

[Event "29th Avoine Open 2014"]
[Site "Avoine FRA"]
[Date "2014.07.21"]
[Round "3.16"]
[White "Afraoui, Anaelle"]
[Black "Bon, Michael"]
[Result "0-1"]
[BlackTitle "FM"]
[WhiteElo "1838"]
[BlackElo "2353"]
[WhiteFideId "20654383"]
[BlackFideId "620696"]
[EventDate "2014.07.19"]

1. e4 c5 2. Nf3 d6 3. d4 cxd4 4. Nxd4 Nf6 5. Nc3 a6 6. Bg5 Nc6 7. f4 Qb6 8. Nb3
e6 9. Qe2 Qc7 10. O-O-O b5 11. f5 b4 12. e5 Nxe5 13. Bxf6 bxc3 14. Bxe5 dxe5 15.
Qf3 cxb2+ 16. Kb1 Bb7 17. Qd3 e4 18. Qh3 Rc8 19. Rd2 Bb4 20. Rf2 exf5 21. Qxf5
O-O 22. h4 Rfd8 23. Qg4 e3 24. Qxb4 exf2 25. Bd3 Rxd3 0-1

[Event "29th Avoine Open 2014"]
[Site "Avoine FRA"]
[Date "2014.07.21"]
[Round "3.17"]
[White "Delorme, Alban"]
[Black "Rodon, Gurvan"]
[Result "1-0"]
[WhiteTitle "FM"]
[WhiteElo "2292"]
[BlackElo "2039"]
[WhiteFideId "623636"]
[BlackFideId "619256"]
[EventDate "2014.07.19"]

1. e4 e5 2. Nf3 Nc6 3. Bc4 Be7 4. O-O Nf6 5. d4 d6 6. Nc3 O-O 7. h3 exd4 8. Nxd4
Nxd4 9. Qxd4 Be6 10. Bf4 Bxc4 11. Qxc4 Re8 12. Rad1 Nd7 13. Nd5 Rc8 14. Rfe1 Bf6
15. c3 Be5 16. Be3 a5 17. f4 Bf6 18. Bf2 b6 19. e5 Be7 20. Nxe7+ Rxe7 21. Bh4
dxe5 22. Rxe5 Nxe5 23. Rxd8+ Rxd8 24. Qe2 Ng6 25. Bxe7 Re8 26. Qd3 Nxe7 27. Qd7 1-0

[Event "29th Avoine Open 2014"]
[Site "Avoine FRA"]
[Date "2014.07.21"]
[Round "3.18"]
[White "Gervasio, Ricardo"]
[Black "Budak, Rewi"]
[Result "1-0"]
[WhiteElo "2281"]
[BlackElo "1795"]
[WhiteFideId "2104997"]
[BlackFideId "26065266"]
[EventDate "2014.07.19"]

1. d4 c5 2. d5 e5 3. Nf3 d6 4. Nc3 Na6 5. e4 Nc7 6. h4 Bd7 7. g3 Nf6 8. Nd2 Be7
9. a4 O-O 10. f3 Nfe8 11. Nc4 f5 12. exf5 Bxf5 13. Ne3 Bd7 14. Ne4 h6 15. Bd3 b5
16. axb5 Nxb5 17. c3 Nf6 18. Nxf6+ Bxf6 19. Bc2 e4 20. Bxe4 Nxc3 21. bxc3 Bxc3+
22. Bd2 Be5 23. Kf2 Bxa1 24. Qxa1 Qe7 25. Kg2 Bb5 26. Re1 Rae8 27. Nf5 Qd7 28.
g4 h5 29. Qc3 hxg4 30. fxg4 g6 31. Nh6+ Kh7 32. h5 Rxe4 33. hxg6+ Kxg6 34. Rxe4
Bf1+ 35. Kg3 1-0

[Event "29th Avoine Open 2014"]
[Site "Avoine FRA"]
[Date "2014.07.21"]
[Round "3.19"]
[White "Lukasiewicz, Krzysztof"]
[Black "Le Borgne, Pierre"]
[Result "0-1"]
[WhiteElo "1791"]
[BlackElo "2280"]
[WhiteFideId "1166042"]
[BlackFideId "624799"]
[EventDate "2014.07.19"]

1. e4 g6 2. d4 Bg7 3. f4 d5 4. exd5 Qxd5 5. Be3 Nc6 6. Nc3 Qe6 7. Kf2 Nh6 8. h3
Nf5 9. Qd2 Nxe3 10. d5 Nxf1 11. Kxf1 Qd7 12. Nf3 Nd8 13. Re1 O-O 14. Ne5 Qd6 15.
h4 f6 16. Nf3 e5 17. fxe5 fxe5 18. h5 Bg4 19. hxg6 Qxg6 20. Kf2 Nf7 21. Ne4 Nd6
22. Nxd6 cxd6 23. Qe2 Rf4 24. Qe3 Raf8 25. Rh4 Bxf3 26. gxf3 Rxh4 0-1

[Event "29th Avoine Open 2014"]
[Site "Avoine FRA"]
[Date "2014.07.21"]
[Round "3.20"]
[White "Daubert, Cedric"]
[Black "Le Corre, Benjamin"]
[Result "0-1"]
[BlackTitle "FM"]
[WhiteElo "1785"]
[BlackElo "2272"]
[WhiteFideId "662313"]
[BlackFideId "639605"]
[EventDate "2014.07.19"]

1. e4 c5 2. d4 cxd4 3. c3 Nf6 4. Qc2 Nc6 5. Bd2 d5 6. exd5 Qxd5 7. Nf3 e5 8.
cxd4 Nxd4 9. Nxd4 exd4 10. Na3 Bf5 11. Bb5+ Qxb5 12. Nxb5 Bxc2 13. Nc7+ Kd8 14.
Nxa8 Bd6 15. Rc1 Re8+ 0-1

[Event "29th Avoine Open 2014"]
[Site "Avoine FRA"]
[Date "2014.07.21"]
[Round "3.21"]
[White "Legrain, Patrick"]
[Black "Sgircea, Silvia-Raluca"]
[Result "0-1"]
[BlackTitle "WIM"]
[WhiteElo "1778"]
[BlackElo "2207"]
[WhiteFideId "652229"]
[BlackFideId "1213776"]
[EventDate "2014.07.19"]

1. e4 c5 2. Nf3 Nc6 3. d4 cxd4 4. Nxd4 g6 5. f4 Bg7 6. Be3 Nf6 7. Nd2 O-O 8. c3
e5 9. Nxc6 dxc6 10. Be2 exf4 11. Bxf4 Re8 12. Qc2 Bg4 13. Bf3 Bxf3 14. gxf3 Nd5
15. Bg3 Ne3 16. Qc1 Qd3 17. Kf2 Bh6 18. f4 Rad8 19. Nf3 Ng4+ 20. Kg2 Qe2+ 0-1

[Event "29th Avoine Open 2014"]
[Site "Avoine FRA"]
[Date "2014.07.21"]
[Round "3.22"]
[White "Oney, Fatmanur"]
[Black "Ollier, Milan"]
[Result "0-1"]
[WhiteElo "1758"]
[BlackElo "2205"]
[WhiteFideId "6301436"]
[BlackFideId "664774"]
[EventDate "2014.07.19"]

1. d4 Nf6 2. Nf3 g6 3. c4 Bg7 4. Nc3 d5 5. e3 O-O 6. Be2 e6 7. O-O Qe7 8. Qb3 c6
9. a3 Nbd7 10. Qc2 dxc4 11. Bxc4 e5 12. dxe5 Nxe5 13. Nxe5 Qxe5 14. Be2 Ng4 15.
Bxg4 Bxg4 16. e4 Rad8 17. Be3 b6 18. h3 Bc8 19. Rad1 Qe7 20. Rxd8 Rxd8 21. Qc1
Rd3 22. Bg5 Qd6 23. Rd1 Ba6 24. Bf4 Rxd1+ 25. Nxd1 Qd3 26. Nc3 Bc4 27. Kh2 Bd5
28. Bh6 Be5+ 29. Bf4 Bf6 30. Qd2 Qxd2 31. Bxd2 Bd4 32. Kg3 f6 33. Nd1 Bb3 34.
Bc3 c5 35. Ne3 Bxc3 36. bxc3 Kf7 37. f4 b5 38. Kf3 a5 39. Ke2 Ke6 40. g4 g5 41.
Kf3 gxf4 42. Kxf4 b4 43. cxb4 axb4 44. axb4 cxb4 45. Nf5 Ba4 46. Nd4+ Kf7 47.
Ne2 b3 48. h4 b2 49. Nc3 Ke6 50. g5 Bc2 51. gxf6 Kxf6 52. h5 b1=Q 0-1

[Event "29th Avoine Open 2014"]
[Site "Avoine FRA"]
[Date "2014.07.21"]
[Round "3.23"]
[White "Malassagne, Raphael"]
[Black "Perche, Louis"]
[Result "1-0"]
[WhiteElo "2138"]
[BlackElo "1744"]
[WhiteFideId "20666276"]
[BlackFideId "685054"]
[EventDate "2014.07.19"]

1. Nf3 Nc6 2. d4 d5 3. g3 Nf6 4. Bg2 g6 5. c4 Bf5 6. Nc3 Bg7 7. O-O O-O 8. Ne5
Nxe5 9. dxe5 Ng4 10. cxd5 Nxe5 11. h3 Qc8 12. Kh2 Rd8 13. e4 Bd7 14. Bg5 f6 15.
Bf4 Nf7 16. Rc1 g5 17. Be3 Qb8 18. f4 c6 19. Qb3 g4 20. h4 Re8 21. Na4 cxd5 22.
Nc5 Bc8 23. exd5 Nd6 24. Ne6 Bxe6 25. dxe6 f5 26. Qd5 Bxb2 27. Rc2 Bg7 28. Rfc1
Qd8 29. Rc7 h5 30. Rd7 Qb8 31. Rcc7 Bf6 32. Bc5 1-0

[Event "29th Avoine Open 2014"]
[Site "Avoine FRA"]
[Date "2014.07.21"]
[Round "3.24"]
[White "Banat, Rayan"]
[Black "Colin, Vincent"]
[Result "0-1"]
[BlackTitle "IM"]
[WhiteElo "1683"]
[BlackElo "2435"]
[WhiteFideId "26023733"]
[BlackFideId "612324"]
[EventDate "2014.07.19"]

1. d4 Nf6 2. Nf3 g6 3. Bf4 d6 4. e3 Nh5 5. Bg3 Nxg3 6. hxg3 Bg7 7. c3 Nd7 8. Bd3
e5 9. d5 f5 10. e4 O-O 11. Nbd2 Nc5 12. Qe2 c6 13. Bc4 b5 14. Bb3 Nxb3 15. axb3
fxe4 16. Nxe4 cxd5 17. Qxb5 dxe4 18. Qd5+ Rf7 19. Qxa8 exf3 20. gxf3 a6 21.
O-O-O Qf8 22. Qd5 Bb7 23. Qxd6 Bxf3 24. Qxa6 Bxh1 25. Rxh1 Rxf2 26. Rd1 Qf5 27.
Qa8+ Bf8 28. Qd5+ Kh8 29. Rd3 Rf1+ 30. Kc2 e4 31. Qd4+ Kg8 32. Qc4+ Kg7 33. Qd4+
Kh6 34. Qe3+ Qg5 35. Qxe4 Qc1# 0-1

[Event "29th Avoine Open 2014"]
[Site "Avoine FRA"]
[Date "2014.07.21"]
[Round "3.25"]
[White "Okhotnik, Vladimir"]
[Black "Ginovart, Axel"]
[Result "1-0"]
[WhiteTitle "GM"]
[WhiteElo "2396"]
[BlackElo "1967"]
[WhiteFideId "14101289"]
[BlackFideId "676845"]
[EventDate "2014.07.19"]

1. d4 Nf6 2. Nf3 g6 3. Nc3 Bg7 4. e4 d6 5. Be2 O-O 6. O-O Nbd7 7. e5 Ne8 8. Re1
c5 9. exd6 Nxd6 10. Bf1 Nf5 11. dxc5 Nxc5 12. Bf4 Ne6 13. Be5 Qb6 14. Nd5 Qd8
15. Bc4 Bd7 16. Qe2 Bc6 17. Rad1 Bxd5 18. Bxd5 Qb6 19. Bxe6 Qxe6 20. Bxg7 Qxe2
21. Rxe2 Kxg7 22. g4 Nh6 23. Rxe7 Nxg4 24. Rxb7 Rab8 25. Rdd7 Nf6 26. Rxf7+ Rxf7
27. Rxb8 Ne4 28. Rb4 Nc3 29. Ne5 Re7 30. Nc6 Rc7 31. Nd4 a5 32. Ne6+ 1-0

[Event "29th Avoine Open 2014"]
[Site "Avoine FRA"]
[Date "2014.07.21"]
[Round "3.26"]
[White "Kirk, Ezra"]
[Black "Van Der Giessen, Ada Leona"]
[Result "1-0"]
[WhiteTitle "FM"]
[WhiteElo "2308"]
[BlackElo "1955"]
[WhiteFideId "600067"]
[BlackFideId "1001787"]
[EventDate "2014.07.19"]

1. d4 f5 2. g3 Nf6 3. Bg2 g6 4. c3 Bg7 5. h4 d6 6. Nf3 c6 7. O-O Qc7 8. Nbd2 O-O
9. Qb3+ d5 10. Ne5 Nbd7 11. Nxd7 Bxd7 12. Nf3 Nh5 13. e3 b5 14. a4 a6 15. Rd1 h6
16. Qa2 Kh7 17. axb5 axb5 18. Qxa8 Rxa8 19. Rxa8 Nf6 20. Bd2 Ne4 21. Rda1 Bc8
22. Be1 Nd6 23. R8a7 Qd8 24. b3 Qb6 25. Ne5 Bb7 26. Nd7 Qd8 27. Nc5 Bc8 28. Ra8
Bf6 29. Bh3 Qe8 30. R1a7 Qf7 31. Rc7 Be6 32. Rd8 Ne4 33. Rxc6 Nxc5 34. dxc5 1-0

[Event "29th Avoine Open 2014"]
[Site "Avoine FRA"]
[Date "2014.07.21"]
[Round "3.27"]
[White "Le Huec, Marc"]
[Black "Kempinski, Andre"]
[Result "1-0"]
[WhiteElo "2267"]
[BlackElo "1953"]
[WhiteFideId "624829"]
[BlackFideId "623148"]
[EventDate "2014.07.19"]

1. d4 e6 2. c4 f5 3. Nf3 d6 4. Nc3 Nf6 5. Qc2 Be7 6. h3 Nc6 7. Bf4 O-O 8. e3 Nh5
9. Bh2 f4 10. O-O-O Qe8 11. Bd3 g6 12. a3 e5 13. dxe5 dxe5 14. Be4 Bd7 15. Rhe1
Bd6 16. Nd5 Na5 17. Nc3 Nf6 18. Bd3 e4 19. Nxe4 Nxe4 20. Bxe4 Ba4 21. Bd5+ Rf7
22. Qc3 Nb3+ 23. Kb1 Nc5 24. exf4 Qf8 25. Ng5 1-0

[Event "29th Avoine Open 2014"]
[Site "Avoine FRA"]
[Date "2014.07.21"]
[Round "3.28"]
[White "Baroudel, Hadrien"]
[Black "Aubry, Yannis"]
[Result "1/2-1/2"]
[WhiteElo "1967"]
[BlackElo "2255"]
[WhiteFideId "20642415"]
[BlackFideId "20642407"]
[EventDate "2014.07.19"]

1. d4 e6 2. e4 d5 3. Nc3 Bb4 4. e5 c5 5. a3 Bxc3+ 6. bxc3 Ne7 7. Nf3 Bd7 8. Bd3
c4 9. Be2 Ba4 10. Bg5 h6 11. Bxe7 Qxe7 12. O-O Nc6 13. Nd2 O-O-O 14. f4 g6 15.
Rf2 Qf8 16. Nf1 b5 17. Ne3 Ne7 18. Bg4 Qg7 19. Qd2 h5 20. Bh3 Rdf8 21. Nd1 Kc7
22. Nb2 a5 23. Rff1 Qh7 24. Rf2 Rb8 25. g3 Rhf8 26. Rb1 Qh6 27. Rff1 Rh8 28.
Rbc1 Ng8 29. Rb1 Ne7 30. Rbc1 Rbg8 31. Rb1 g5 32. Nxa4 bxa4 33. fxg5 Rxg5 34.
Qf4 Rh7 35. Qf6 Qxf6 36. Rxf6 h4 37. g4 Nf5 38. Kf2 Nh6 39. Rg1 Ng8 40. Rf4 f6
41. exf6 Rf7 42. Re1 Kd6 43. Rb1 Kc7 44. Rb5 Rxf6 45. Ke3 e5 46. Rf5 exd4+ 47.
cxd4 Re6+ 48. Kf4 Rxf5+ 49. gxf5 Re4+ 50. Kg5 Rxd4 51. f6 Nxf6 52. Kxf6 Rd2 53.
Bf5 Kc6 54. Rxa5 Rxh2 55. Rxa4 h3 56. Ra8 Rh1 57. Re8 Kc5 58. Re2 Ra1 59. Bxh3
Rxa3 60. Bf5 Ra8 61. c3 Rd8 62. Ke7 Rg8 63. Re3 Rg2 64. Ke6 Rg8 65. Re5 Rg3 66.
Rxd5+ Kb6 67. Rd2 Rxc3 68. Rb2+ Kc5 69. Be4 1/2-1/2

[Event "29th Avoine Open 2014"]
[Site "Avoine FRA"]
[Date "2014.07.21"]
[Round "3.29"]
[White "Gerard, Nicolas"]
[Black "Caloone, Thomas"]
[Result "1/2-1/2"]
[WhiteTitle "FM"]
[WhiteElo "2251"]
[BlackElo "1945"]
[WhiteFideId "605000"]
[BlackFideId "20665210"]
[EventDate "2014.07.19"]

1. d4 Nf6 2. c4 e5 3. dxe5 Ng4 4. Bf4 g5 5. Bg3 Bg7 6. Nf3 Nc6 7. Nc3 Ngxe5 8.
Nxe5 Nxe5 9. e4 O-O 10. Be2 d6 11. O-O Ng6 12. Qd2 Re8 13. Rad1 b6 14. f3 Be5
15. Bxe5 Rxe5 16. Nd5 Bb7 17. Ne3 Nf4 18. Rfe1 Nxe2+ 19. Rxe2 h5 20. Rf2 Rc8 21.
Nf5 Qf6 22. Rdf1 Re6 23. Ng3 Qh8 24. b4 Qh6 25. Qc3 Rce8 26. Rd2 h4 27. Nf5 Qf6
28. Qc1 Re5 29. Rdf2 R5e6 30. Rd1 a6 31. h3 Kh7 32. c5 dxc5 33. bxc5 Rc6 34. Rc2
Rd8 35. Rxd8 Qxd8 36. cxb6 Rxc2 37. Qxc2 cxb6 38. Qc3 f6 39. e5 Qc8 40. Qd3 Qc1+
41. Kf2 Qb2+ 42. Kg1 Qc1+ 43. Kh2 Qf4+ 44. Kg1 Qc1+ 1/2-1/2

[Event "29th Avoine Open 2014"]
[Site "Avoine FRA"]
[Date "2014.07.21"]
[Round "3.30"]
[White "Eden, James"]
[Black "De Lussac, Maxence"]
[Result "1/2-1/2"]
[WhiteElo "2207"]
[BlackElo "1944"]
[WhiteFideId "666491"]
[BlackFideId "20685246"]
[EventDate "2014.07.19"]

1. e4 c5 2. c3 d5 3. exd5 Qxd5 4. d4 Nf6 5. Nf3 e6 6. Be3 cxd4 7. cxd4 Bb4+ 8.
Nc3 O-O 9. Bd3 b6 10. Qe2 Bb7 11. O-O Qh5 12. Ne5 Qxe2 13. Bxe2 Nbd7 14. Nxd7
Nxd7 15. a3 Bxc3 16. bxc3 Rac8 17. Rfc1 Nf6 18. c4 Ba6 19. a4 Rc6 20. a5 bxa5
21. Rxa5 Rfc8 22. Rc5 Nd7 23. Rxc6 Rxc6 24. Bf3 Rxc4 25. Ra1 Bb5 26. Rxa7 Ra4
27. Rxa4 Bxa4 28. d5 exd5 29. Bxd5 Nf6 30. Bf3 Kf8 31. g4 h6 32. Kg2 Bb3 33.
Bc5+ Ke8 34. Bc6+ Kd8 35. Bf8 g6 36. Kg3 h5 37. g5 Nh7 38. Bh6 Ke7 39. Kf4 f6
40. Be4 f5 41. Bc6 Nf8 42. Ke5 Ne6 43. h4 Ba2 44. f4 Bb3 45. Bf3 Kf7 46. Bxh5
gxh5 47. Kxf5 Bc2+ 48. Ke5 Nxf4 1/2-1/2

[Event "29th Avoine Open 2014"]
[Site "Avoine FRA"]
[Date "2014.07.21"]
[Round "3.31"]
[White "Ribeiro, Romain"]
[Black "Lombart, Philippe"]
[Result "1-0"]
[WhiteElo "2204"]
[BlackElo "1936"]
[WhiteFideId "627275"]
[BlackFideId "202789"]
[EventDate "2014.07.19"]

1. e4 e5 2. d4 exd4 3. c3 dxc3 4. Bc4 d6 5. Nxc3 Be6 6. Bxe6 fxe6 7. Qh5+ g6 8.
Qb5+ Nd7 9. Qxb7 a6 10. Nf3 Ne7 11. Be3 Qb8 12. Qxb8+ Rxb8 13. b3 Bg7 14. Rc1
Ne5 15. Nxe5 Bxe5 16. Ke2 d5 17. Rhd1 Rd8 18. Bd4 Bxd4 19. Rxd4 Nc6 20. Ra4 Rd6
21. exd5 exd5 22. Nxd5 Rxd5 23. Rxc6 Kd7 24. Rc3 Re8+ 25. Re3 Rxe3+ 26. fxe3 a5
27. Rd4 Kc6 28. Rxd5 Kxd5 29. Kd3 h6 30. e4+ Ke5 31. a3 g5 32. b4 axb4 33. a4 c5
34. a5 1-0

[Event "29th Avoine Open 2014"]
[Site "Avoine FRA"]
[Date "2014.07.21"]
[Round "3.32"]
[White "Vekemans, Denis"]
[Black "Le Goff, Ronan"]
[Result "1/2-1/2"]
[WhiteElo "1963"]
[BlackElo "2198"]
[WhiteFideId "615846"]
[BlackFideId "612073"]
[EventDate "2014.07.19"]

1. e4 e5 2. Nc3 Nf6 3. Nf3 Nc6 4. Bb5 Bd6 5. O-O O-O 6. d3 h6 7. Ne2 Re8 8. c3
Bf8 9. Ng3 a6 10. Ba4 b5 11. Bc2 d6 12. h3 Bb7 13. Nh2 d5 14. Ng4 Nxg4 15. Qxg4
Bc8 16. Qe2 Ne7 17. f4 exf4 18. Bxf4 Ng6 19. Be3 Bd6 20. Qf2 Bxg3 21. Qxg3 dxe4
22. dxe4 Be6 23. Bd4 Qg5 24. Qxg5 hxg5 25. a4 Rac8 26. axb5 axb5 27. Ra5 c6 28.
Ra7 Ra8 29. Rfa1 Rxa7 30. Rxa7 Rc8 31. b4 Nf4 32. Kf2 Bc4 33. Rd7 Ne6 34. Be3
Ra8 35. Ra7 Rd8 36. Ra6 Rc8 37. Ra7 Kf8 38. g3 Ke8 39. Bd4 Kf8 40. Ke3 Re8 41.
Ra6 Rc8 42. Ra7 Re8 43. Ra6 Rc8 1/2-1/2

[Event "29th Avoine Open 2014"]
[Site "Avoine FRA"]
[Date "2014.07.21"]
[Round "3.33"]
[White "Louis-sidois, Charles"]
[Black "Schweitzer, Viktoriya"]
[Result "1-0"]
[BlackTitle "WIM"]
[WhiteElo "1946"]
[BlackElo "2195"]
[WhiteFideId "20631570"]
[BlackFideId "14100878"]
[EventDate "2014.07.19"]

1. b3 e5 2. Bb2 Nc6 3. e3 Nf6 4. Bb5 d6 5. d4 exd4 6. Qxd4 Bd7 7. Bxc6 Bxc6 8.
Nf3 Qd7 9. Nbd2 Be7 10. h3 a5 11. O-O O-O 12. Rfe1 Qf5 13. e4 Qg6 14. Nh4 Qh5
15. Nf5 Bd8 16. Re3 Bd7 17. Nxg7 Kxg7 18. Rg3+ Qg6 19. Rxg6+ fxg6 20. e5 dxe5
21. Qxe5 Re8 22. Qd4 Bc6 23. Nf3 Bxf3 24. gxf3 Ra6 25. Qd7+ Kf8 26. Bxf6 Bxf6
27. Rf1 Rc6 28. Qxh7 Bg7 29. Rd1 Re7 30. Rd8+ Kf7 31. Rg8 Kf6 32. Qh4+ g5 33.
Qd4+ Kg6 34. Qd3+ Kh6 35. Qf5 Rf6 36. Qd5 b6 37. Kg2 c6 38. Qd3 c5 39. Rd8 Ref7
40. Rd5 Rf4 41. c3 Rf8 42. a3 R8f7 43. b4 axb4 44. cxb4 cxb4 45. a4 Bc3 46. Rb5
Bd4 47. Rxb4 Bc5 48. Re4 Rxe4 49. fxe4 Rxf2+ 50. Kg3 Ra2 51. Qd5 Ra3+ 52. Kg4
Bf8 53. Qxg5+ Kh7 54. Qf5+ Kg8 55. Qg6+ Bg7 56. Qxb6 Rd3 57. Qe6+ Kf8 58. a5 Rd8
59. a6 Bd4 60. Kf5 Be3 61. Qf6+ Ke8 62. Ke6 1-0

[Event "29th Avoine Open 2014"]
[Site "Avoine FRA"]
[Date "2014.07.21"]
[Round "3.34"]
[White "Rodriguez Rodriguez, Antonio"]
[Black "Brehier, William"]
[Result "1-0"]
[WhiteTitle "FM"]
[WhiteElo "2186"]
[BlackElo "1933"]
[WhiteFideId "2219255"]
[BlackFideId "678864"]
[EventDate "2014.07.19"]

1. d4 d5 2. Bg5 c5 3. e4 dxe4 4. d5 h6 5. Bh4 g5 6. Bg3 Bg7 7. Nc3 Nf6 8. Qd2 a6
9. O-O-O b5 10. d6 e6 11. f3 Bb7 12. h4 b4 13. Nxe4 Bxe4 14. hxg5 hxg5 15. Rxh8+
Bxh8 16. fxe4 Nxe4 17. Qe3 Nxg3 18. Qxg3 Qf6 19. Qb3 Nd7 20. Nf3 Kf8 21. Nd2 Nb6
22. Nc4 Nd5 23. Be2 a5 24. Rf1 a4 25. Qh3 Nf4 26. Qf3 Rd8 27. g3 Nxe2+ 28. Qxe2
Qg6 29. Qe3 Bd4 30. Qe2 a3 31. bxa3 bxa3 32. Ne5 Qg7 33. Rxf7+ Qxf7 34. Nxf7
Bb2+ 35. Kd1 Kxf7 36. Qf3+ Kg7 37. Qc6 Be5 38. Qc7+ 1-0

[Event "29th Avoine Open 2014"]
[Site "Avoine FRA"]
[Date "2014.07.21"]
[Round "3.35"]
[White "Dupont, Arthur"]
[Black "Pietrasanta, Jeremy"]
[Result "0-1"]
[BlackTitle "FM"]
[WhiteElo "1945"]
[BlackElo "2179"]
[WhiteFideId "692832"]
[BlackFideId "621030"]
[EventDate "2014.07.19"]

1. d4 Nf6 2. c4 g6 3. Nc3 Bg7 4. e4 d6 5. Nf3 O-O 6. Be2 c6 7. O-O a6 8. Be3 b5
9. cxb5 cxb5 10. b4 Bb7 11. Nd2 Nbd7 12. f3 Rc8 13. Rc1 Nb6 14. Nb3 Nfd7 15. Na5
Ba8 16. Qb3 d5 17. Nxd5 Bxd5 18. exd5 Nf6 19. Rxc8 Qxc8 20. d6 exd6 21. Rc1 Qd7
22. Rc6 Nfd5 23. Bf2 Rc8 24. Rxc8+ Qxc8 25. Bf1 Qc1 26. a3 Nc3 27. g3 Qd2 28. d5
Bd4 29. Bxd4 Qxd4+ 30. Kg2 Qd2+ 31. Kh3 Nbxd5 32. Nc6 Ne3 33. Nd8 d5 0-1